000 00904nam a22002897a 4500
001 8031
003 FISKH
005 20250819110133.0
008 250819b cb ||||| |||| 00| 0 eng d
020 _a0590067702
040 _aFISKH
_beng
_cFISKH
_dFISKH
050 _aPZ7.B81618 A
082 _a813.54
100 _aBrown, Marc
_d(1946–)
245 _aArthur's pet business /
_cBy Marc Brown
250 _aThis edition first published in 1990
260 _aBoston :
_bScholastic,
_c1990
300 _a30 unnumbered pages :
_bcolor illustrations ;
_c26 cm
505 _aL
520 _aArthur's determination to prove he is responsible enough to have a puppy brings him a menagerie of animals to care for.
521 8 _a510
_bLexile
521 8 _aL
_bRaz-Plus
650 _2Picture book
_aResponsibility
650 _2Pets
_aCause and effect
942 _2ddc
_cBK
_n0
999 _c8031
_d8031